LDR 01181naa#a2200205#i#450# 001 RU\\bibl\121390 005 20260429111542.3 011 ## _a1994-4683 100 ## _a20230531b2023####ek#y0rusy0150####ca 102 ## _aRU 200 1# _aАНАЛИЗ УЧЕБНОГО МАТЕРИАЛА ПО ПОДВИЖНЫМ И СПОРТИВНЫМ ИГРАМ, ПРЕДСТАВЛЕННОГО В ПРИМЕРНЫХ ПРОГРАММАХ ПО ФИЗИЧЕСКОЙ КУЛЬТУРЕ, ОДОБРЕННЫХ ФЕДЕРАЛЬНЫМ УЧЕБНО-МЕТОДИЧЕСКИМ ОБЪЕДИНЕНИЕМ _eЖурнальная статья 210 1# _aМосква _cНациональный государственный Университет физической культуры, спорта и здоровья им. П.Ф. Лесгафта _d2023 215 ## _a7 с. 608 ## _aЖурнальная статья _2local 675 ## _aОрганизация учебного процесса в общеобразовательной школе. 373.1 _z 700 #1 _aАршинник _gС П 700 #1 _aДудка _gГ Н 700 #1 _aМосол _gТ А 700 #1 _aТхорев _gВ И 856 4# _auchzapiski.lesgaft.spb.ru _u